|
|
|
|
| LEADER |
01205nam a2200337 a 4500 |
| 001 |
000599893 |
| 003 |
CZ BrMZK |
| 005 |
20090112151634.0 |
| 007 |
ta |
| 008 |
020513s2001 xr g j cze d |
| 015 |
|
|
|a cnb001173095
|
| 020 |
|
|
|a 80-7309-009-0
|
| 040 |
|
|
|a BOA001
|b cze
|
| 041 |
1 |
|
|a cze
|h eng
|
| 072 |
|
7 |
|a 821.111-3
|x Anglická próza, anglicky psaná
|2 Konspekt
|9 25
|
| 080 |
|
|
|a 821.111-32
|2 MRF
|
| 080 |
|
|
|a (0:82-321.5)
|2 MRF
|
| 100 |
0 |
|
|a Saki,
|d 1870-1916
|7 jn19981002108
|
| 245 |
1 |
0 |
|a Léčba neklidem /
|c Saki ; [z anglického originálu přeložil František Vrba]
|
| 250 |
|
|
|a 1. vyd. v nakladatelství Levné Knihy KMa
|
| 260 |
|
|
|a Praha :
|b Levné knihy KMa,
|c 2001
|
| 300 |
|
|
|a 252 s. ;
|c 18 cm
|
| 490 |
1 |
|
|a Edice světových autorů
|
| 655 |
|
7 |
|a anglické povídky
|7 fd131811
|2 czenas
|
| 655 |
|
7 |
|a humoristické povídky
|7 fd132428
|2 czenas
|
| 700 |
1 |
|
|a Vrba, František,
|d 1920-1985
|7 jk01150960
|4 trl
|
| 765 |
0 |
|
|t <<The >>short stories of Saki
|9 Česky
|
| 830 |
|
0 |
|a Edice světových autorů (Levné knihy KMa)
|0 s
|
| 910 |
|
|
|a BOA001
|b 1-1102.944
|
| 990 |
|
|
|a BK
|
| 996 |
6 |
|
|b 2610160796
|c 1-1102.944
|l MZK
|r Sklad / do 1 hodiny
|n 21
|p p.v.
|w 000599893
|u 000010
|a 1
|e BOA001
|j MZK50
|s P
|